000 00702nam a2200289Ia 4500
005 20260324120604.0
008 008 260324s9999 xx 000 0 eng d
020 _a9781315083001
037 _aEBOOK
040 _aCRL
040 _beng
040 _cCRL
041 _2eng
041 _aeng
084 _qCRL
100 _aSamuel Totten
_91159171
245 0 _aAdvancing Genocide Studies
245 0 _bPersonal Accounts and Insights from Scholars in the Field
260 _bTaylor and Francis
260 _c2015
365 _a
365 _b230
856 _uhttp://www.taylorfrancis.com/books/9781315083001
942 _cEBOOK
999 _c1750787
_d1750787